| 000 | 00635nam a2200169 i 4500 | ||
|---|---|---|---|
| 001 | 101131 | ||
| 003 | ES-MaACL | ||
| 005 | 20230906182827.0 | ||
| 007 | t| | ||
| 008 | 051013s1952 sp ||||1| cat d | ||
| 100 | 1 |
_aMauri Serra, José. _979249 |
|
| 245 | 1 | 0 |
_aHistoria del Santuari de la Mare de Déu del Vilar de Blanes / _cJosé Mauri Serra; práoleg de l'... Sr. D. Josep Cartañá Inglés, Bisbe de Girona. |
| 260 |
_aBarcelona : _b[s.n.], _c1952 ( _fGráficas Marinas) |
||
| 300 |
_a264 p., lám. I-XXX : _bil. ; _c26. |
||
| 700 | 1 |
_aCartañá Inglés, Josep _c, Bisbe de Girona. _935876 |
|
| 852 |
_aES-MaACL _jD-8433 _bR.32548 |
||
| 999 |
_c101131 _d101131 |
||